Massachusetts County Seats - Statistics

General Stats
  • This quiz has been taken 39 times
  • The average score is 11 of 14
Answer Stats
County County Seat % Correct
Worcester Worcester
100%
Barnstable Barnstable
95%
Suffolk Boston
95%
Plymouth Brockton/Plymouth
95%
Middlesex Lowell/Cambridge
90%
Nantucket Nantucket
90%
Hampden Springfield
90%
Berkshire Pittsfield
81%
Essex Salem/Lawrence
76%
Dukes Edgartown
67%
Bristol Taunton
62%
Franklin Greenfield
57%
Hampshire Northampton
57%
Norfolk Dedham
29%
No matching quizzes found
Score Distribution
Percent of People with Each Score
Percentile by Number Answered
Your Score History
You have not taken this quiz